| 000 | 00530cam a2200169 4500500 | ||
|---|---|---|---|
| 005 | 20251012032551.0 | ||
| 041 | _afre | ||
| 042 | _adc | ||
| 100 | 1 | 0 |
_aAparicio, Antonio _eauthor |
| 700 | 1 | 0 |
_a Aparicio, Sol _eauthor |
| 700 | 1 | 0 |
_a Sesé, Bernard _eauthor |
| 245 | 0 | 0 | _aDe noche te asaltarán/De nuit tu seras assaillie |
| 260 | _c2005. | ||
| 500 | _a43 | ||
| 786 | 0 | _nSigila | 16 | 2 | 2005-12-20 | p. 214-215 | 1286-1715 | |
| 856 | 4 | 1 | _uhttps://shs.cairn.info/revue-sigila-2005-2-page-214?lang=fr&redirect-ssocas=7080 |
| 999 |
_c1547669 _d1547669 |
||